|
|
|
|
| LEADER |
01592nam a2200313 a 4500 |
| 001 |
GR-Patra14953 |
| 008 |
020927s2000 gr g 000 0 gre d |
| 040 |
|
|
|a GrPaTEI
|b gre
|c GR-PaULI
|
| 040 |
|
|
|a GrPaTEI
|b gre
|c GR-PaULI
|
| 100 |
1 |
|
|a Κατσίφη, Παυλίνα
|
| 245 |
1 |
2 |
|a Η κοινωνική διάσταση του έργου του δασκάλου :
|b «Ο δάσκαλος ως κοινωνικός λειτουργός» /
|c Μετέχουσες σπουδάστριες: Κατσίφη Παυλίνα, Μελίστα Θεοδώρα, Τσουκαλά Φωτεινή ; Υπεύθυνη καθηγήτρια: Κουγιά Βασιλική.
|
| 260 |
|
|
|a Πάτρα :
|b ΤΕΙ Πάτρας,
|c 2000
|
| 300 |
|
|
|a 352σ.
|
| 504 |
|
|
|a Βιβλιογραφία: σ.344-352
|
| 650 |
|
4 |
|a ΕΚΠΑΙΔΕΥΤΙΚΟΙ
|
| 650 |
|
4 |
|a Οικογένεια
|
| 650 |
|
4 |
|a ΠΑΙΔΑΓΩΓΙΚΗ ΨΥΧΟΛΟΓΙΑ
|
| 650 |
|
4 |
|a Πτυχιακή εργασία
|
| 650 |
|
4 |
|a ΣΧΟΛΕΙΑ
|
| 700 |
1 |
|
|a Κουγιά, Βασιλική
|
| 700 |
1 |
|
|a Μελίστα, Θεοδώρα
|
| 700 |
1 |
|
|a Τσουκαλά, Φωτεινή
|
| 710 |
0 |
|
|a Σ.Ε.Υ.Π..
|b Τμήμα Κοινωνικής Εργασίας
|
| 710 |
0 |
|
|a Τ.Ε.Ι. Πάτρας
|
| 856 |
4 |
0 |
|u https://nereus.library.upatras.gr/formerpat/ptyxiakes/seyp/seyp_ke/1996-2000/3365pe.pdf
|
| 942 |
|
|
|2 ddc
|
| 952 |
|
|
|0 0
|1 0
|2 ddc
|4 0
|7 1
|9 293818
|a LISK
|b LISK
|c BSC
|d 2021-01-17
|e 24
|f 0
|g 0.00
|l 0
|p 9241003365
|r 2021-01-17 00:00:00
|t 1
|w 2021-01-17
|y BKN
|x 20021001 0 0
|x GrPaTEI
|
| 971 |
|
|
|a .b26624680
|b 16-04-20
|c 23-09-16
|
| 999 |
|
|
|c 171743
|d 171743
|